| 000 | 00723nam a2200193Ia 4500 | ||
|---|---|---|---|
| 008 | 151121s9999||||xx |||||||||||||| ||und|| | ||
| 082 | _a814/भगत | ||
| 082 | _bHNW-75382 | ||
| 100 | _aभगत रा। तु। | ||
| 245 | _aशिक्षणसूर्य: साने गुरुजी | ||
| 260 | _b"दिलीपराज प्रकाशन प्रा। लि।, पुणे।" | ||
| 260 | _c-- | ||
| 300 | _a160 | ||
| 600 | _aभगत रा। तु। | ||
| 630 | _aशिक्षणसूर्य: साने गुरुजी | ||
| 700 | _aभगत रा। तु। | ||
| 730 | _aशिक्षणसूर्य: साने गुरुजी | ||
| 942 | _cBOOK | ||
| 999 |
_c1256822 _d1256819 |
||